HAGS pre deti a hru.Play.Planet.Plaza

Guardado en:
Detalles Bibliográficos
Formato: Libro
Publicado: Bratislava : Študio-21 plus, 2006
Materias:
Etiquetas: Agregar Etiqueta
Sin Etiquetas, Sea el primero en etiquetar este registro!

MARC

LEADER 00000nam a22000003a 4500
001 stu128107
005 20141122154700.5
008 061018s2006----------------------------d
040 |a STU  |b slo 
041 0
245 |a HAGS pre deti a hru.Play.Planet.Plaza 
260 |a Bratislava :  |b Študio-21 plus,  |c 2006 
300 |a voľné listy 
650 7 |a detské ihriská  |2 stusub 
650 7 |a lavičky  |2 stusub 
650 7 |a mestský interiér  |2 stusub 
996 |b 284AU03182  |c A*4872 U  |l AAKNST  |s P  |a 0  |w stu128107_0001